| 000 | 00478nam a22001817a 4500 | ||
|---|---|---|---|
| 003 | MPLRDC | ||
| 005 | 20220104171705.0 | ||
| 008 | 210129b ||||| |||| 00| 0 eng d | ||
| 020 | _a983-41976-0-8 | ||
| 082 | _a176.4 SIL | ||
| 100 | _aJOSE SILVA WITH ROBERT B. STONE | ||
| 245 |
_aGETTING HELP FROM THE OTHER SIDE _c |
||
| 250 | _a1ST ED. | ||
| 260 |
_aNALAYSIA _bSILVA METHOD (M) SDN BHD _c2004 |
||
| 300 | _b252 | ||
| 650 | _aSILVA MIND METHOD | ||
| 942 |
_cBK _o176.4 SIL |
||
| 999 |
_c58581 _d58571 |
||